00595cam a2200217 a 45000010009000000050017000090080041000260100017000670200046000840200034001300350023001640400025001870410008002120420014002200800011002340820011002451000007002561010008002632450056002715040050003271460844920180315085901.0061024s2007 maua 000 0 eng d a 2006284733 a0618607153 (Student ed. : spiral binding) a0618730605 (Instructor's ed.) a(OCoLC)ocm64414562 aOSCcOSCdBAKERdDLC aeng alccopycat a37 RAI a37 RAI1 a25 aEDU14aThe open handbook :cAnn Raimes, with Maria Jerskey aIncludes bibliographical references and index